El destino de los O´Brien / (Registro nro. 6426)

Detalles MARC
000 -LEADER
fixed length control field 02224nam a22003137a 4500
003 - CONTROL NUMBER IDENTIFIER
control field OSt
005 - DATE AND TIME OF LATEST TRANSACTION
control field 20250414152655.0
008 - FIXED-LENGTH DATA ELEMENTS--GENERAL INFORMATION
fixed length control field 200203s2016 sp ||||er|||| 00| f spa d
020 ## - INTERNATIONAL STANDARD BOOK NUMBER
International Standard Book Number 9789588951027
040 ## - CATALOGING SOURCE
Original cataloging agency CO-JMCR
Transcribing agency CO-JMCR
041 1# - LANGUAGE CODE
Language code of text/sound track or separate title spa
Language code of original eng
082 ## - DEWEY DECIMAL CLASSIFICATION NUMBER
Classification number A-N
Item number GENd
100 1# - MAIN ENTRY--PERSONAL NAME
Personal name Genova, Lisa,
Relator term autora
9 (RLIN) 142
245 13 - TITLE STATEMENT
Title El destino de los O´Brien /
Statement of responsibility, etc. Lisa Genova ; traducción de Victoria Morera
250 ## - EDITION STATEMENT
Edition statement 1a. edición
260 ## - PUBLICATION, DISTRIBUTION, ETC.
Place of publication, distribution, etc. Barcelona ; Bogotá :
Name of publisher, distributor, etc. Ediciones B,
Date of publication, distribution, etc. 2016
300 ## - PHYSICAL DESCRIPTION
Extent 395 páginas ;
Dimensions 23 cm.
490 0# - SERIES STATEMENT
Series statement Novelas del alma
500 ## - GENERAL NOTE
General note Incluye datos biográficos de la autora.
500 ## - GENERAL NOTE
General note Título original: Inside the O´Briens
520 ## - SUMMARY, ETC.
Summary, etc. Joe O'Brien es un oficial de policía de cuarenta y cuatro años del barrio católico irlandés de Charlestown, Massachusetts. Marido amantísimo, orgulloso padre de cuatro hijos veinteañeros y profesional respetado, comienza a experimentar ataques de confusión mental, inhabituales estallidos de mal humor y extraños movimientos involuntarios. Al principio atribuye dichos episodios al estrés de su trabajo, pero a medida que los síntomas empeoran acepta ir a ver a un neurólogo y recibe un diagnóstico que cambiará su vida y la de su familia para siempre: sufre la enfermedad de Huntington, también conocida como mal de San Vito. La de Huntington es una enfermedad neurodegenerativa letal para la cual no existe tratamiento ni cura. Cada uno de los cuatro hijos de Joe tiene un cincuenta por ciento de posibilidades de heredar el trastorno, y un sencillo análisis de sangre puede revelar su destino genético. Al tiempo que observa su probable futuro en los síntomas cada vez más graves de su padre, Katie, su hija de veintiún años, lucha con las preguntas que ese análisis impone en su joven vida. ¿Quiere saberlo? ¿Y si posee el gen? ¿Puede vivir con la constante ansiedad que supone no saberlo?
546 ## - LANGUAGE NOTE
Language note Traducido del inglés
650 14 - SUBJECT ADDED ENTRY--TOPICAL TERM
Topical term or geographic name entry element Novela estadounidense
9 (RLIN) 12
650 14 - SUBJECT ADDED ENTRY--TOPICAL TERM
Topical term or geographic name entry element Enfermedad de Huntington
General subdivision novela
9 (RLIN) 143
650 14 - SUBJECT ADDED ENTRY--TOPICAL TERM
Topical term or geographic name entry element Neurología
General subdivision novela
9 (RLIN) 144
650 14 - SUBJECT ADDED ENTRY--TOPICAL TERM
Topical term or geographic name entry element Trastornos genéticos
General subdivision diagnóstico
9 (RLIN) 145
700 1# - ADDED ENTRY--PERSONAL NAME
Personal name Morera, Victoria,
Relator term traductora
9 (RLIN) 146
942 ## - ADDED ENTRY ELEMENTS (KOHA)
Source of classification or shelving scheme Dewey Decimal Classification
Koha item type Books
Existencias
Withdrawn status Lost status Source of classification or shelving scheme Damaged status Not for loan Collection code Home library Current library Shelving location Date acquired Source of acquisition Cost, normal purchase price Full call number Barcode Date last seen Copy number Price effective from Koha item type
    Dewey Decimal Classification     Fiction Biblioteca Pública José María del Castillo y Rada Biblioteca Pública José María del Castillo y Rada Processing Center 12/19/2019 Donación 0.00 A-N GENd 201809621 02/03/2020 Ej.1 02/03/2020 Books